| 000 | 00898nam a2200205 u 4500 | ||
|---|---|---|---|
| 001 | 000352985 | ||
| 003 | AM-YeHGA | ||
| 005 | 20250618072213.0 | ||
| 008 | 040720s1977 ai r 000 0 arm d | ||
| 040 | _aAM-YeHGA | ||
| 041 | 1 |
_aarm _hrus _hita |
|
| 245 | 1 | 0 |
_aՀինգ երեխա և մեկ շուն : _b[Մանկական վիպակ] / _cՌ. Ռեջանի; Ռուս. թարգմ.՝ Մ. Բերբերյան; Նկ.՝ Գ. Գասպարյան; Խմբ.՝ Շ. Գրիգորյան. |
| 260 |
_aԵրևան : _bՍովետական գրող, _c1977. |
||
| 300 |
_a223 էջ : _bնկ. ; _c22 սմ. |
||
| 650 | 1 | 4 |
_aԻտալական մանկական գրականություն _xՎիպակ |
| 700 | 1 |
_aԲերբերյան, Մարի _eթարգմ. _4trl |
|
| 700 | 1 |
_aԳասպարյան, Գաստելլո Ավետիսի, _d1941- _eնկ. _4art _93220 |
|
| 700 | 1 |
_aԳրիգորյան, Շ.Ա. _eխմբ. _4edt |
|
| 090 | _c136544 | ||
| 999 |
_c135175 _d135175 |
||